000 00549nmm a2200169Ia 4500
008 251105s9999||||xx |||||||||||||||||und||
020 _a9788488123725
041 _aspa
100 _aMontero, Mercedes
245 0 _aLa conquista del espacio público :
_b Mujeres españolas en la Universidad (1910-1936)
264 _a[Madrid, España] :
_bMinerva Ediciones,
_c2009
300 _a288 páginas
490 _aEstudios sobre la mujer
650 _aGender and Women Studies
856 _uhttps://public.digitaliapublishing.com/a/1978
942 _cCF
999 _c87034
_d87034